V ktorých slovenských mestách sa najlepšie podniká?

Podmienky podnikania v slovenských mestách. Značné regionálne rozdiely.

Gespeichert in:
Bibliographische Detailangaben
Format: Buchkapitel
Sprache:Slowakisch
Schlagworte:
Tags: Tag hinzufügen
Keine Tags, Fügen Sie das erste Tag hinzu!

MARC

LEADER 00000naa$a2200000$$$4500
001 0247962
005 20181001090540.2
041 0 |a slo 
044 |a SK 
245 1 0 |a V ktorých slovenských mestách sa najlepšie podniká? 
520 |a Podmienky podnikania v slovenských mestách. Značné regionálne rozdiely. 
610 2 0 |a podnikanie 
610 2 0 |a podnikatelia 
610 2 0 |a podpora podnikania 
610 2 0 |a Slovensko 
610 2 0 |a regióny 
610 2 0 |a mestá